[Event "Server24Chess 2012"]
[Site "St. Ulrich"]
[Date "2012.06.09"]
[Round "8"]
[White "Lasinskas, P."]
[Black "Trefzer, E."]
[Result "0-1"]
[WhiteElo "2194"]
[BlackElo "2052"]
[PlyCount "86"]
[EventDate "2012.06.??"]

1. d4 e6 2. c4 f5 3. g3 Nf6 4. Bg2 Be7 5. Nf3 d6 6. b3 O-O 7. O-O c6 8. Bb2 Na6
9. Nbd2 Qe8 10. Re1 Qh5 11. e4 fxe4 12. Nxe4 Nxe4 13. Rxe4 Bf6 14. Qd2 c5 15.
Rae1 Bd7 16. g4 Qg6 17. h4 h5 18. g5 Bd8 19. dxc5 Nxc5 20. Rd4 Bc6 21. Nh2 Bxg2
22. Kxg2 Bc7 23. b4 Na4 24. Rde4 e5 25. Ba3 Rf7 26. R1e3 Raf8 27. f3 Rf4 28.
Qd5+ Kh8 29. Qxb7 Bb6 30. c5 dxc5 31. Qa6 Rxe4 32. Rxe4 Nc3 33. bxc5 Nxe4 34.
cxb6 Rd8 35. Qxa7 Rd2+ 36. Kg1 Ng3 37. Qc7 Qb1+ 38. Bc1 Qxc1+ 39. Qxc1 Ne2+ 40.
Kh1 Nxc1 41. a4 Nb3 42. Nf1 Rd6 43. Ng3 g6 0-1

[Event "Server24Chess 2012"]
[Site "St. Ulrich"]
[Date "2012.06.09"]
[Round "8"]
[White "Van Heirzeele, D."]
[Black "Simeone, G."]
[Result "1-0"]
[WhiteElo "2160"]
[BlackElo "1972"]
[PlyCount "131"]
[EventDate "2012.06.??"]

1. d4 g6 2. c4 Bg7 3. e4 d6 4. Nc3 Nc6 5. d5 Nd4 6. Be3 c5 7. Nge2 Qb6 8. Na4
Qa5+ 9. Bd2 Qc7 10. Bc3 e5 11. dxe6 Nxe6 12. Bxg7 Nxg7 13. Nac3 Nf6 14. Qd2 Qe7
15. f3 O-O 16. O-O-O Rd8 17. g4 Be6 18. Ng3 a6 19. Kb1 Nd7 20. Nd5 Bxd5 21.
exd5 Ne5 22. Be2 Rab8 23. f4 Nd7 24. Bd3 Re8 25. Rhe1 Qf8 26. h4 Rxe1 27. Rxe1
Re8 28. h5 Rxe1+ 29. Qxe1 Qe8 30. Qd2 Qe7 31. h6 Ne8 32. g5 Nb6 33. b3 Nd7 34.
Be2 f5 35. Bd3 Nc7 36. Kb2 b5 37. Qa5 bxc4 38. Bxc4 Nf8 39. Bxa6 Nxa6 40. Qxa6
Qe3 41. Ne2 Qd2+ 42. Ka3 Qb4+ 43. Kb2 Qd2+ 44. Kb1 Qd1+ 45. Nc1 Qxd5 46. Qc4
Qxc4 47. bxc4 Ne6 48. Ne2 Kf7 49. Kc2 Ke7 50. Kd3 Kd7 51. Ke3 Kc6 52. Nc3 Nc7
53. Ne4 Ne6 54. Nf6 Nf8 55. Kd3 Kb6 56. Kc3 Ka5 57. Kb3 Kb6 58. Nd5+ Kc6 59.
Ka4 Nd7 60. Nf6 Nf8 61. Ka5 Kb7 62. Kb5 Kc7 63. a4 Kb7 64. a5 Ne6 65. Nxh7 Nxf4
66. Nf8 1-0

[Event "Server24Chess 2012"]
[Site "St. Ulrich"]
[Date "2012.06.09"]
[Round "8"]
[White "Bernardi, R."]
[Black "Van Foreest, Jorden"]
[Result "0-1"]
[WhiteElo "2149"]
[BlackElo "2175"]
[PlyCount "44"]
[EventDate "2012.06.??"]

1. e4 e5 2. Nf3 Nc6 3. Nc3 Nf6 4. g3 d5 5. exd5 Nxd5 6. Bg2 Nxc3 7. bxc3 Bd6 8.
O-O O-O 9. Rb1 Rb8 10. d4 b6 11. Ng5 Qd7 12. Qh5 h6 13. Be4 exd4 14. Nh7 Re8
15. Bxh6 Rxe4 16. Qg5 Be5 17. f3 Kxh7 18. fxe4 gxh6 19. Qh5 Kg7 20. Rbd1 Qe7
21. c4 Be6 22. Rd2 Qg5 0-1

[Event "Server24Chess 2012"]
[Site "St. Ulrich"]
[Date "2012.06.09"]
[Round "8"]
[White "Lehnert, M."]
[Black "Kottenhoff, Roland"]
[Result "0-1"]
[WhiteElo "2026"]
[BlackElo "2138"]
[PlyCount "76"]
[EventDate "2012.06.??"]

1. e4 e5 2. c4 Nc6 3. Ne2 Bc5 4. d3 Nf6 5. h3 h6 6. Be3 Bxe3 7. fxe3 d6 8. Nbc3
Qe7 9. Ng3 Bd7 10. Be2 O-O-O 11. Qd2 g6 12. O-O-O a6 13. Nd5 Nxd5 14. exd5 Na7
15. e4 f5 16. Bf3 f4 17. Ne2 Kb8 18. Kb1 g5 19. d4 h5 20. g4 hxg4 21. hxg4 Nc8
22. Qb4 Qf6 23. c5 dxc5 24. dxc5 c6 25. Nc3 Rxh1 26. Rxh1 Rh8 27. Rxh8 Qxh8 28.
dxc6 Bxc6 29. Nd5 Qh3 30. Qc3 Ka7 31. b4 Bxd5 32. exd5 e4 33. c6 Qf1+ 34. Kc2
Qf2+ 35. Kb1 exf3 36. cxb7 Kxb7 37. Qc6+ Kb8 38. d6 Qb6 0-1

[Event "Server24Chess 2012"]
[Site "St. Ulrich"]
[Date "2012.06.09"]
[Round "8"]
[White "Schnell, F."]
[Black "Blaeser, R."]
[Result "0-1"]
[WhiteElo "1920"]
[BlackElo "1991"]
[PlyCount "102"]
[EventDate "2012.06.??"]

1. d4 g6 2. Nf3 Bg7 3. c3 d6 4. Bg5 h6 5. Bh4 Nf6 6. Nbd2 g5 7. Bg3 Nh5 8. e3
Nd7 9. d5 c5 10. Be2 Nxg3 11. hxg3 a6 12. Nh2 b5 13. Bh5 Ne5 14. Qe2 c4 15. O-O
O-O 16. Ndf3 Nd3 17. Nd4 e5 18. Nc6 Qc7 19. Nb4 Nc5 20. e4 a5 21. Nc2 f5 22. f3
Bd7 23. Rab1 Nd3 24. Ne1 fxe4 25. fxe4 Qc5+ 26. Kh1 Nf2+ 27. Rxf2 Rxf2 28. Qd1
Rf6 29. Nef3 Qc8 30. a3 Rb8 31. Qd2 Rf8 32. Re1 Kh8 33. Rc1 Kg8 34. Re1 Be8 35.
Bxe8 Rxe8 36. g4 Rb7 37. Ng1 Rf8 38. Ngf3 Bf6 39. Kg1 Bd8 40. Kf2 Rf4 41. g3
Rf8 42. Kg2 Rbf7 43. Rf1 Qc5 44. Re1 Bb6 45. Re2 Ba7 46. Re1 Rg7 47. Kh3 Qc8
48. Kg2 h5 49. Nxg5 Rf2+ 50. Qxf2 Bxf2 51. Kxf2 Rxg5 0-1

[Event "Server24Chess 2012"]
[Site "St. Ulrich"]
[Date "2012.06.10"]
[Round "9"]
[White "Baklan, V."]
[Black "Ulibin, M."]
[Result "1/2-1/2"]
[WhiteElo "2612"]
[BlackElo "2519"]
[PlyCount "37"]
[EventDate "2012.06.??"]

1. e4 e6 2. d4 d5 3. e5 c5 4. c3 Nc6 5. Nf3 Bd7 6. Be2 Nge7 7. O-O Nf5 8. dxc5
Bxc5 9. Bd3 Nh4 10. Nbd2 Nxf3+ 11. Nxf3 Qc7 12. Re1 h6 13. b4 Bb6 14. a4 a6 15.
Ba3 Ne7 16. Rc1 O-O 17. c4 dxc4 18. Bxc4 Bc6 19. b5 1/2-1/2

[Event "Server24Chess 2012"]
[Site "St. Ulrich"]
[Date "2012.06.10"]
[Round "9"]
[White "Arun Prasad, S."]
[Black "Gleizerov, E."]
[Result "1/2-1/2"]
[WhiteElo "2519"]
[BlackElo "2570"]
[PlyCount "24"]
[EventDate "2012.06.??"]

1. c4 e5 2. g3 Nc6 3. Bg2 g6 4. Nc3 Bg7 5. e4 d6 6. Nge2 Be6 7. d3 Nh6 8. Nd5
f5 9. h4 O-O 10. Bg5 Qd7 11. Qd2 Ng4 12. f3 Nf6 1/2-1/2

[Event "Server24Chess 2012"]
[Site "St. Ulrich"]
[Date "2012.06.10"]
[Round "9"]
[White "Antoniewski, R."]
[Black "Petkov, V."]
[Result "1/2-1/2"]
[WhiteElo "2536"]
[BlackElo "2512"]
[PlyCount "24"]
[EventDate "2012.06.??"]

1. e4 e5 2. Nf3 Nc6 3. Bb5 Nf6 4. d3 Bc5 5. c3 O-O 6. O-O d6 7. Nbd2 Bd7 8. Ba4
a6 9. Bc2 Ba7 10. Nc4 Ne7 11. Re1 Ng6 12. d4 Re8 1/2-1/2

[Event "Server24Chess 2012"]
[Site "St. Ulrich"]
[Date "2012.06.10"]
[Round "9"]
[White "Sulskis, S."]
[Black "Rotstein, A."]
[Result "1-0"]
[WhiteElo "2586"]
[BlackElo "2512"]
[PlyCount "97"]
[EventDate "2012.06.??"]

1. e4 c5 2. Nf3 e6 3. d4 cxd4 4. Nxd4 a6 5. c4 Nf6 6. Nc3 d6 7. Be2 Be7 8. O-O
O-O 9. Be3 Qc7 10. Rc1 b6 11. f4 Bb7 12. Bf3 Re8 13. b4 Bf8 14. g4 Nfd7 15. Bg2
Nc6 16. Ncb5 Qb8 17. Nxc6 Bxc6 18. Nd4 Bb7 19. g5 g6 20. Nb3 a5 21. bxa5 bxa5
22. Qd2 Qc7 23. Nd4 Nc5 24. Nb5 Qc6 25. e5 d5 26. Nd6 Ne4 27. Bxe4 dxe4 28.
Nxe8 Rxe8 29. Qxa5 Ra8 30. Qb6 Rxa2 31. Qxc6 Bxc6 32. c5 h5 33. Rfd1 Kg7 34.
Rd2 Ra3 35. Kf2 h4 36. Rb2 Be7 37. Rb6 Ra2+ 38. Kg1 Re2 39. Rxc6 Rxe3 40. Rc7
Bd8 41. Rd7 Ba5 42. c6 Bb6 43. Kh1 h3 44. c7 Bxc7 45. Rdxc7 Rf3 46. Kg1 e3 47.
R7c4 Rf2 48. R1c2 Rf3 49. Re2 1-0

[Event "Server24Chess 2012"]
[Site "St. Ulrich"]
[Date "2012.06.10"]
[Round "9"]
[White "Ernst, S."]
[Black "Fierro Baquero, M."]
[Result "1-0"]
[WhiteElo "2554"]
[BlackElo "2377"]
[PlyCount "70"]
[EventDate "2012.06.??"]

1. d4 g6 2. Nf3 Bg7 3. c4 d6 4. Nc3 c6 5. e4 a6 6. h3 b5 7. Be3 Nf6 8. a3 O-O
9. Rc1 Nbd7 10. Be2 Rb8 11. Qc2 e5 12. dxe5 dxe5 13. O-O Nh5 14. Rfd1 Qe7 15.
cxb5 axb5 16. a4 b4 17. Nb1 Nf4 18. Bf1 c5 19. Bxc5 Nxc5 20. Qxc5 Qf6 21. Nbd2
Be6 22. a5 Rfc8 23. Qa7 Ra8 24. Rxc8+ Rxc8 25. a6 Qd8 26. Ra1 Bf8 27. Qb7 Rb8
28. Qc6 Qc8 29. Qxc8 Rxc8 30. Nxe5 Bc5 31. g3 Nh5 32. Kg2 Nf6 33. f3 Ba7 34. b3
Nd7 35. Nxd7 Bxd7 1-0

[Event "Server24Chess 2012"]
[Site "St. Ulrich"]
[Date "2012.06.10"]
[Round "9"]
[White "Mogranzini, R."]
[Black "Romanishin, O."]
[Result "1/2-1/2"]
[WhiteElo "2461"]
[BlackElo "2511"]
[PlyCount "22"]
[EventDate "2012.06.??"]

1. e4 e5 2. Nf3 Nc6 3. Bb5 a6 4. Ba4 Nf6 5. d3 d6 6. c3 Be7 7. O-O O-O 8. Re1
b5 9. Bc2 Re8 10. Nbd2 Bf8 11. Nf1 h6 1/2-1/2

[Event "Server24Chess 2012"]
[Site "St. Ulrich"]
[Date "2012.06.10"]
[Round "9"]
[White "Gretarsson, Hj"]
[Black "Manca, F."]
[Result "1-0"]
[WhiteElo "2477"]
[BlackElo "2424"]
[PlyCount "81"]
[EventDate "2012.06.??"]

1. d4 Nf6 2. c4 e6 3. Nc3 Bb4 4. e3 O-O 5. Bd3 d5 6. Nf3 c5 7. O-O Nc6 8. a3
Bxc3 9. bxc3 Qc7 10. Bb2 dxc4 11. Bxc4 e5 12. h3 e4 13. Nd2 Na5 14. Ba2 c4 15.
f3 Bxh3 16. Nxe4 Nd5 17. Qd2 Bf5 18. Rae1 Bg6 19. Nf2 Nb3 20. Qd1 Qb6 21. e4
Nf4 22. Bxb3 cxb3 23. Qd2 Nh5 24. Nd3 Rfe8 25. c4 f5 26. e5 Bf7 27. c5 Qb5 28.
Rd1 Bc4 29. Rfe1 Re6 30. Kf2 Rg6 31. Rh1 Bxd3 32. Rxh5 Bc2 33. Re1 Qc4 34. Rg5
Rd8 35. Rxg6 hxg6 36. e6 Bd3 37. Re3 Bc2 38. Qa5 b6 39. Qxa7 f4 40. Qf7+ Kh7
41. Re1 1-0

[Event "Server24Chess 2012"]
[Site "St. Ulrich"]
[Date "2012.06.10"]
[Round "9"]
[White "Saravanan, V1."]
[Black "Baron, Ta"]
[Result "1/2-1/2"]
[WhiteElo "2401"]
[BlackElo "2467"]
[PlyCount "32"]
[EventDate "2012.06.??"]

1. Nf3 Nf6 2. c4 g6 3. Nc3 d5 4. cxd5 Nxd5 5. Qa4+ Nc6 6. Ne5 Qd6 7. Nxc6 Qxc6
8. Qxc6+ bxc6 9. g3 Bg7 10. Bg2 Be6 11. b3 O-O-O 12. Bb2 Nxc3 13. Bxc3 Bxc3 14.
dxc3 Rd6 15. f4 Rhd8 16. Kf2 c5 1/2-1/2

[Event "Server24Chess 2012"]
[Site "St. Ulrich"]
[Date "2012.06.10"]
[Round "9"]
[White "Dittmar, P."]
[Black "Bruno, Fabi"]
[Result "1-0"]
[WhiteElo "2297"]
[BlackElo "2447"]
[PlyCount "71"]
[EventDate "2012.06.??"]

1. d4 Nf6 2. c4 e6 3. Nc3 Bb4 4. e3 c5 5. Nge2 b6 6. a3 Bxc3+ 7. Nxc3 Bb7 8. d5
exd5 9. cxd5 O-O 10. Be2 Re8 11. O-O d6 12. f3 a6 13. a4 Nbd7 14. e4 Qc7 15. b3
h6 16. Bb2 Nf8 17. Qd2 Ng6 18. Rfe1 Re7 19. Nd1 Kh7 20. Ne3 Bc8 21. Bd3 Re8 22.
Nc4 Ne5 23. Bc2 Kg8 24. f4 Nxc4 25. bxc4 Nh7 26. e5 Nf8 27. Qc3 Qd7 28. Re3 Qg4
29. e6 f6 30. Rf1 Nxe6 31. dxe6 Bxe6 32. Rg3 Qh4 33. Qd3 Ra7 34. Qh7+ Kf8 35.
Qh8+ Bg8 36. Bh7 1-0

[Event "Server24Chess 2012"]
[Site "St. Ulrich"]
[Date "2012.06.10"]
[Round "9"]
[White "Borgo, G."]
[Black "Zier, O."]
[Result "0-1"]
[WhiteElo "2395"]
[BlackElo "2121"]
[PlyCount "70"]
[EventDate "2012.06.??"]

1. e4 e6 2. d3 d5 3. Qe2 Nf6 4. Nf3 Nc6 5. c3 dxe4 6. dxe4 e5 7. Qc2 Bg4 8.
Nbd2 a5 9. h3 Bh5 10. Bb5 Bd6 11. Nh4 Bg6 12. Nxg6 hxg6 13. Qa4 Qd7 14. Nb3 O-O
15. O-O Rfb8 16. Be3 Qc8 17. Bxc6 bxc6 18. Qxc6 a4 19. Nd2 Ra6 20. Qc4 Rxb2 21.
Rfb1 a3 22. Rd1 Qa8 23. Qd3 Ra4 24. f3 Qc6 25. Nb3 Nd7 26. Kh2 Qc4 27. Kg3 f5
28. Bc1 Re2 29. Qd5+ Qxd5 30. Rxd5 fxe4 31. Rb5 Nf6 32. Bg5 Nh5+ 33. Kh2 exf3
34. Rb8+ Kh7 35. Kh1 Ng3+ 0-1

[Event "Server24Chess 2012"]
[Site "St. Ulrich"]
[Date "2012.06.10"]
[Round "9"]
[White "Trefzer, E."]
[Black "Friedrich, N."]
[Result "0-1"]
[WhiteElo "2052"]
[BlackElo "2309"]
[PlyCount "60"]
[EventDate "2012.06.??"]

1. e4 c5 2. Nc3 a6 3. a4 Nc6 4. Nf3 Nf6 5. d4 cxd4 6. Nxd4 e5 7. Nb3 Bb4 8. Bd3
d5 9. exd5 Nxd5 10. Bd2 Nxc3 11. bxc3 Be7 12. O-O O-O 13. f4 Be6 14. Qe2 exf4
15. Bxf4 Re8 16. Rab1 Bxb3 17. Bxh7+ Kxh7 18. Qh5+ Kg8 19. cxb3 Bf6 20. Rf3
Qb6+ 21. Kh1 Qxb3 22. Rbf1 Qc4 23. Bd2 Qh4 24. Qc5 Re2 25. Bf4 Re1 26. g3 Rxf1+
27. Rxf1 Qh3 28. Rb1 Re8 29. Qc4 Qd7 30. Kg2 Na5 0-1

[Event "Server24Chess 2012"]
[Site "St. Ulrich"]
[Date "2012.06.10"]
[Round "9"]
[White "Bertagnolli, A."]
[Black "Turrin, O."]
[Result "1-0"]
[WhiteElo "2370"]
[BlackElo "2036"]
[PlyCount "63"]
[EventDate "2012.06.??"]

1. e4 e5 2. Nf3 Nc6 3. Nc3 Nf6 4. a3 g6 5. Nxe5 Nxe5 6. d4 Nc6 7. d5 d6 8. dxc6
bxc6 9. Qf3 Nd7 10. h4 h5 11. Bg5 Be7 12. Qg3 Bxg5 13. hxg5 Qe7 14. Be2 Bb7 15.
Qe3 Qe5 16. f4 Qc5 17. Qd2 d5 18. b4 Qf8 19. Qd4 a5 20. Na4 axb4 21. axb4 Rg8
22. O-O Qg7 23. e5 Nf8 24. Nc5 Ne6 25. Rxa8+ Bxa8 26. Nxe6 fxe6 27. Ra1 Kd7 28.
Ra7 Rb8 29. Qc5 Qf8 30. Ba6 Qxc5+ 31. bxc5 Rg8 32. Kf2 1-0

[Event "Server24Chess 2012"]
[Site "St. Ulrich"]
[Date "2012.06.10"]
[Round "9"]
[White "De Napoli, G."]
[Black "Van Foreest, Lucas"]
[Result "0-1"]
[WhiteElo "2057"]
[BlackElo "1960"]
[PlyCount "66"]
[EventDate "2012.06.??"]

1. d4 Nf6 2. Nf3 g6 3. Nc3 d5 4. Bf4 c6 5. e3 Bg7 6. Be2 O-O 7. Ne5 Nfd7 8. h4
f6 9. Nf3 e5 10. dxe5 fxe5 11. Bg3 Qa5 12. O-O Re8 13. b4 Qxb4 14. Nxd5 cxd5
15. Qxd5+ Kh8 16. Ng5 Bf6 17. Nf7+ Kg7 18. Nd6 Rf8 19. Qe6 Nc5 20. Ne8+ Rxe8
21. Qxe8 Bd7 22. c3 Qa3 23. Qxe5 Bxe5 24. Bxe5+ Kf7 25. Rfd1 Nc6 26. Bd6 Be6
27. Bf3 Rd8 28. Rab1 Rd7 29. Rb5 Ne5 30. Bxe5 Rxd1+ 31. Bxd1 Nd7 32. Bb3 Bxb3
33. Rxb3 Qc1+ 0-1

[Event "Server24Chess 2012"]
[Site "St. Ulrich"]
[Date "2012.06.10"]
[Round "9"]
[White "Blaeser, R."]
[Black "Waldner, M."]
[Result "0-1"]
[WhiteElo "1991"]
[BlackElo "2068"]
[PlyCount "73"]
[EventDate "2012.06.??"]

1. g3 Nf6 2. Bg2 g6 3. Nf3 Bg7 4. c3 O-O 5. O-O d5 6. d3 c5 7. Nbd2 b6 8. Re1
Bb7 9. e4 dxe4 10. dxe4 Nxe4 11. Qc2 Nd6 12. Nf1 Nc6 13. Bf4 Qd7 14. Rad1 Rad8
15. h4 Qf5 16. Qe2 Qc8 17. h5 Nf5 18. hxg6 hxg6 19. Ng5 Rxd1 20. Qxd1 e5 21.
Bc1 Nce7 22. Bxb7 Qxb7 23. Qg4 Rd8 24. Qh3 Qd5 25. Ne3 Nxe3 26. Bxe3 Nf5 27.
Bc1 Qxa2 28. g4 Ne7 29. Qh7+ Kf8 30. Nf3 Qe6 31. Qh4 f6 32. Bh6 g5 33. Bxg5 Ng6
34. Qh5 fxg5 35. Nxg5 Qd6 36. Re3 Rd7 37. Rf3+ 0-1

[Event "Server24Chess 2012"]
[Site "St. Ulrich"]
[Date "2012.06.10"]
[Round "9"]
[White "Simeone, G."]
[Black "Schnell, F."]
[Result "1-0"]
[WhiteElo "1972"]
[BlackElo "1920"]
[PlyCount "95"]
[EventDate "2012.06.??"]

1. c4 e5 2. Nc3 Bb4 3. Nd5 Be7 4. g3 Nf6 5. Nxe7 Qxe7 6. Bg2 Nc6 7. d3 h6 8.
Nf3 Qb4+ 9. Qd2 Qxd2+ 10. Bxd2 a5 11. Bc3 d6 12. c5 Be6 13. cxd6 cxd6 14. O-O
Ke7 15. Rfc1 Nd5 16. Be1 Rhc8 17. a3 a4 18. e3 Rc7 19. e4 Nf6 20. d4 exd4 21.
Nxd4 Rac8 22. Nb5 Rd7 23. f4 Rdd8 24. Bf2 Nd7 25. Rd1 Bb3 26. Nxd6 Bxd1 27.
Nxc8+ Rxc8 28. Rxd1 f6 29. Bh3 Rd8 30. Kf1 g6 31. Ke2 Ndb8 32. Bc5+ Ke8 33.
Rxd8+ Kxd8 34. Bb6+ Ke7 35. Bc8 Nd7 36. Bxb7 Nxb6 37. Bxc6 Kd6 38. Be8 g5 39.
Kf3 Kc5 40. Kg4 Kc4 41. Bf7+ Kd4 42. Kf5 gxf4 43. gxf4 Nc4 44. Bxc4 Kxc4 45.
Kxf6 Kb3 46. e5 Kxb2 47. e6 Kxa3 48. e7 1-0

[Event "Server24Chess 2012"]
[Site "St. Ulrich"]
[Date "2012.06.10"]
[Round "9"]
[White "Rubini, A."]
[Black "Bernardi, R."]
[Result "0-1"]
[WhiteElo "1926"]
[BlackElo "2149"]
[PlyCount "84"]
[EventDate "2012.06.??"]

1. e4 c5 2. Nf3 Nc6 3. d4 cxd4 4. Nxd4 e5 5. Nb5 d6 6. Bc4 Be6 7. Bxe6 fxe6 8.
c4 a6 9. N5c3 Nf6 10. Be3 Be7 11. O-O O-O 12. f3 Nh5 13. Rf2 Nf4 14. Rd2 Qe8
15. Na4 Rd8 16. Nbc3 Qg6 17. Qf1 Bg5 18. Kh1 Qh6 19. Rad1 Nd4 20. Qe1 Rf6 21.
Bxd4 exd4 22. Rxd4 Rg6 23. g3 e5 24. R4d2 Nh3 25. Rg2 Rf6 26. Rd3 Rdf8 27. Qe2
Qh5 28. g4 Qh6 29. Nd5 R6f7 30. Nac3 Bh4 31. Nd1 Qc1 32. Rc3 Qb1 33. Rd3 Qxa2
34. Ra3 Qb1 35. Qd2 Rxf3 36. Rxf3 Rxf3 37. N5e3 Qxe4 38. Qxd6 Rf7 39. Qb8+ Rf8
40. Qd6 Nf4 41. Qd2 Nxg2 42. Qxg2 Rf3 0-1